Normal view
MARC view
Entry Personal Name
001 - CONTROL NUMBER
- control field: 8244
003 - CONTROL NUMBER IDENTIFIER
- control field: OSt
005 - DATE AND TIME OF LATEST TRANSACTION
- control field: 20211028145619.0
008 - FIXED-LENGTH DATA ELEMENTS
- fixed length control field: 211028|| aca||aabn | a|a d
040 ## - CATALOGING SOURCE
- Original cataloging agency: OSt
- Transcribing agency: OSt
100 ## - HEADING--PERSONAL NAME
- Personal name: Shenoy, Pavithra; Nambisan, Hemalatha.
- Miscellaneous information: 81918
670 ## - SOURCE DATA FOUND
- Source citation: Work cat.: (OSt): Shenoy, Pavithra; Nambisan, Hemalatha. 81918, Generic framework for IVR application development., 2010